Catalog

Record Details

Catalog Search



Scoria roads : twenty houses in twenty-one years / ... Read More

Available copies

  • 1 of 1 copy available at LARL/NWRL Consortium.
  • 1 of 1 copy available at Lake Agassiz Regional Library. (Show preferred library)

Current holds

0 current holds with 1 total copy.

Show Only Available Copies
Location Call Number / Copy Notes Barcode Shelving Location Status Due Date
Barnesville Public Library 921 KNA (Text) 33500012119061 Main Available -

Record details

  • ISBN: 9780984631414 (paperback)
  • ISBN: 0984631410 (paperback)
  • Physical Description: xiii, 16 unnumbered pages of plates, 280 pages : ... Read More
  • Edition: First SpringJoy Press paperback edition
  • Publisher: [Alexandria, MN] : SpringJoy Press, 2015.

Content descriptions

General Note:
"Portions of this book were originally published in The Talking Stick, Dust and Fire, and the ... Read More
Summary, etc.:
A memoir of a woman's youth living in twenty ... Read More
Subject: Knapp, Norma Thorstad.
Women authors, American > Biography.
LDR 01296cam a2200289Ki 4500
001188003
003LARL_NWRL_CONSORTIUM
00520150818093255.0
008150708s2015 mnuab 000 0aeng d
020 . ‡a9780984631414 (paperback)
020 . ‡a0984631410 (paperback)
035 . ‡a(OCoLC)913477817
040 . ‡aNBJ ‡beng ‡erda ‡cNBJ ‡dOCLCO
1001 . ‡aKnapp, Norma Thorstad, ‡eauthor.
24510. ‡aScoria roads : ‡btwenty houses in twenty-one years / ‡cNorma Thorstad Knapp.
250 . ‡aFirst SpringJoy Press paperback edition
264 1. ‡a[Alexandria, MN] : ‡bSpringJoy Press, ‡c2015.
300 . ‡axiii, 16 unnumbered pages of plates, 280 pages : ‡billustrations (chiefly black & white), maps ; ‡c21 cm
336 . ‡atext ‡btxt ‡2rdacontent
337 . ‡aunmediated ‡bn ‡2rdamedia
338 . ‡avolume ‡bnc ‡2rdacarrier
500 . ‡a"Portions of this book were originally published in The Talking Stick, Dust and Fire, and the Backwoods Journal."
520 . ‡aA memoir of a woman's youth living in twenty houses during her first twenty-one years.
60010. ‡aKnapp, Norma Thorstad.
650 0. ‡aWomen authors, American ‡xBiography.
901 . ‡a188003 ‡bOCLC ‡c188003 ‡tbiblio

Additional Resources